<The> Question of Sovereignty Case of Taiwan (Republic of China)

Pohľad na históriu vzťahov medzi Čínou a Taiwanom. Vývoj politickej situácie na Taiwane.

Salvato in:
Dettagli Bibliografici
Autore principale: Pernický, Jakub, 1998-
Natura: Capitolo di libro
Lingua:inglese
Soggetti:
Tags: Aggiungi Tag
Nessun Tag, puoi essere il primo ad aggiungerne!!

MARC

LEADER 00000naa$a2200000$$$4500
001 0280009
005 20240502083852.0
041 0 |a eng 
044 |a UA 
245 1 0 |a <The> Question of Sovereignty Case of Taiwan (Republic of China)  |c Jakub Pernický 
520 |a Pohľad na históriu vzťahov medzi Čínou a Taiwanom. Vývoj politickej situácie na Taiwane. 
610 2 0 |a suverenita 
610 2 0 |a vzťahy medzinárodné 
610 2 0 |a vojny 
610 2 0 |a Taiwan 
610 2 0 |a Čína 
100 1 |a Pernický, Jakub, 1998-